[Event "3rd London Chess Classic"]
[Site "London ENG"]
[Date "2011.12.09"]
[Round "6"]
[White "Howell,D"]
[Black "Short,N"]
[Result "1/2-1/2"]
[WhiteTitle "GM"]
[BlackTitle "GM"]
[WhiteElo "2633"]
[BlackElo "2698"]
[WhiteFideId "410608"]
[BlackFideId "400025"]
[EventDate "2011.12.03"]

1. e4 c5 2. c3 e6 3. d4 d5 4. exd5 exd5 5. Nf3 Nc6 6. Bb5 Bd6 7. dxc5 Bxc5 8.
O-O Ne7 9. Nbd2 O-O 10. Nb3 Bb6 11. Re1 Bg4 12. Be3 Re8 13. h3 Bh5 14. Bxb6 Qxb6
15. Bxc6 Bxf3 16. Qxf3 bxc6 17. Re2 Ng6 18. Rae1 Rxe2 19. Rxe2 Rd8 20. Nd4 c5
21. Nf5 d4 22. Qe4 h6 23. cxd4 cxd4 24. Rd2 Qa5 25. Rxd4 Rxd4 26. Nxd4 Qxa2 27.
b3 Nf8 28. g3 g6 29. Kg2 a5 30. Qc6 Qd2 31. Qa4 Qd3 32. Nf3 Qd5 33. b4 axb4 34.
Qxb4 Ne6 35. Qd2 Qxd2 36. Nxd2 Kg7 1/2-1/2

[Event "71st ch-ITA 2011"]
[Site "Perugia ITA"]
[Date "2011.12.08"]
[Round "8"]
[White "Genocchio,D"]
[Black "Caprio,G"]
[Result "1/2-1/2"]
[WhiteTitle "IM"]
[BlackTitle "FM"]
[WhiteElo "2440"]
[BlackElo "2354"]
[WhiteFideId "806463"]
[BlackFideId "834580"]
[EventDate "2011.11.30"]

1. d4 Nf6 2. c4 e6 3. Nc3 Bb4 4. e3 c5 5. Bd3 O-O 6. Ne2 d5 7. cxd5 Nxd5 8. a3
Ba5 9. O-O cxd4 10. exd4 Nc6 11. Be4 Nce7 12. Qd3 Ng6 13. Bd2 Nde7 14. Rad1 f5
15. Bf3 Ne5 16. Qe3 Nc4 17. Qg5 Nxb2 18. Rb1 Nc4 19. Bc1 Nc6 20. Qg3 Nxd4 21.
Nxd4 Qxd4 22. Nb5 Qc5 23. Bh6 Qe7 24. Rfc1 Nd2 25. Bxd2 Bxd2 26. Rc7 Qf6 27.
Bxb7 Rb8 28. Bxc8 Rfxc8 29. Rxc8+ Rxc8 30. Nxa7 Qb2 31. Rf1 Rc1 32. Qd6 Rxf1+
33. Kxf1 Qc1+ 34. Ke2 Qe1+ 35. Kd3 Ba5 36. Kc4 Qe2+ 37. Kb3 Kf7 38. Nc6 Qb5+ 39.
Nb4 Qf1 40. Qd7+ Kf6 41. Qd4+ Kg6 42. g3 Qe2 43. Ka4 Bc7 44. Qc5 Be5 45. Ka5 Bf6
46. Nc6 Kh5 47. h3 Qf3 48. Kb6 Qb3+ 49. Qb4 Qf3 50. Qc5 Qb3+ 51. Kc7 Bb2 52. Qe7
Bf6 53. Qb4 Qf3 54. Qc5 Qd1 55. Qc4 Qf3 56. Qc5 Qe4 57. Kd7 Bb2 58. Kd6 Qd3+ 59.
Kxe6 Bxa3 60. Qxf5+ Qxf5+ 61. Kxf5 Bc5 62. f3 Bf2 63. g4+ 1/2-1/2

[Event "Sportaccord WMG Rapid"]
[Site "Beijing CHN"]
[Date "2011.12.09"]
[Round "2"]
[White "Vachier Lagrave,M"]
[Black "Giri,A"]
[Result "1-0"]
[WhiteTitle "GM"]
[BlackTitle "GM"]
[WhiteElo "2710"]
[BlackElo "2714"]
[WhiteFideId "623539"]
[BlackFideId "24116068"]
[EventDate "2011.12.09"]

1. e4 e5 2. Nf3 Nf6 3. Nxe5 d6 4. Nf3 Nxe4 5. d4 d5 6. Bd3 Be7 7. O-O Nc6 8. Nc3
Bf5 9. Re1 Nxc3 10. bxc3 Bxd3 11. Qxd3 O-O 12. Bf4 Bd6 13. Ng5 g6 14. Qh3 h5 15.
Qg3 Bxf4 16. Qxf4 Qd7 17. Re3 Rae8 18. Rae1 Rxe3 19. fxe3 f6 20. Nf3 Qd6 21. Qh6
Ne7 22. Nh4 f5 23. Nf3 Qf6 24. Ne5 Qg7 25. Qg5 Qf6 26. Qf4 Rd8 27. Rb1 b6 28.
Rf1 Kg7 29. h3 Nc6 30. g4 hxg4 31. hxg4 Nxe5 32. dxe5 Qh4 33. gxf5 Qxf4 34. exf4
gxf5 35. Rf3 Kf7 36. Rh3 d4 37. c4 Rg8+ 38. Kf2 Rg4 39. Kf3 Rg1 40. Rh7+ Kg6 41.
Rxc7 Rf1+ 42. Kg3 Re1 43. Kh4 Rh1+ 44. Kg3 Rg1+ 45. Kf2 Rg4 46. Kf3 Rh4 47. Rxa7
Rh2 48. Rd7 Rxc2 49. Rxd4 Rxa2 50. Rd6+ Kh5 51. Ke3 Rb2 52. Rf6 Rb3+ 53. Kd4 Kg4
54. e6 Rb1 55. Ke5 Re1+ 56. Kd6 Kxf4 57. e7 Rd1+ 58. Kc7 Re1 59. Kd7 1-0

[Event "Sportaccord WMG Rapid"]
[Site "Beijing CHN"]
[Date "2011.12.10"]
[Round "5"]
[White "Wang Hao"]
[Black "Gashimov,V"]
[Result "0-1"]
[WhiteTitle "GM"]
[BlackTitle "GM"]
[WhiteElo "2736"]
[BlackElo "2757"]
[WhiteFideId "8602883"]
[BlackFideId "13400630"]
[EventDate "2011.12.09"]

1. d4 Nf6 2. Nf3 e6 3. c4 c5 4. g3 b6 5. Bg2 Bb7 6. O-O cxd4 7. Qxd4 d6 8. Nc3
Be7 9. Rd1 a6 10. Bg5 Nbd7 11. Rac1 O-O 12. Qd2 Rc8 13. b3 Rc7 14. Bf4 Ne8 15.
e4 Qa8 16. Qe2 h6 17. h4 Rc8 18. g4 Nc5 19. Re1 Nf6 20. Nd4 Nh7 21. Bg3 Rfe8 22.
f4 Bf8 23. g5 e5 24. fxe5 hxg5 25. hxg5 dxe5 26. Nf3 Ne6 27. g6 fxg6 28. Nxe5
Qb8 29. Qg4 Bd6 30. Nd7 Qc7 31. Bxd6 Qxd6 32. Rcd1 Qe7 33. Qg3 b5 34. Ne5 Nef8
35. Ng4 bxc4 36. bxc4 Rxc4 37. Nd5 Qc5+ 38. Kh1 Kh8 39. Ne5 Bxd5 40. exd5 Rc3
41. Qf4 Nf6 42. d6 Kg8 43. Bd5+ Nxd5 44. Qf7+ Kh7 45. Rxd5 Qb4 46. Qf2 Rh3+ 47.
Kg1 Rxe5 48. Rdxe5 Qg4+ 49. Qg2 Rg3 50. Qxg3 Qxg3+ 51. Kh1 Nd7 52. Re6 Nc5 0-1

[Event "Sportaccord WMG Rapid"]
[Site "Beijing CHN"]
[Date "2011.12.10"]
[Round "5"]
[White "Giri,A"]
[Black "Dominguez Perez,L"]
[Result "1/2-1/2"]
[WhiteTitle "GM"]
[BlackTitle "GM"]
[WhiteElo "2714"]
[BlackElo "2712"]
[WhiteFideId "24116068"]
[BlackFideId "3503240"]
[EventDate "2011.12.09"]

1. e4 c5 2. Nf3 d6 3. d4 cxd4 4. Nxd4 Nf6 5. Nc3 a6 6. Be3 Ng4 7. Bg5 h6 8. Bh4
g5 9. Bg3 Bg7 10. h3 Ne5 11. f3 Nbc6 12. Bf2 Ng6 13. Nde2 Be6 14. Qd2 Rc8 15.
O-O-O Qa5 16. Kb1 O-O 17. Nd5 Bxd5 18. Qxa5 Nxa5 19. Rxd5 Nc4 20. c3 Rc7 21. g3
b5 22. a3 e6 23. Rd1 a5 24. Nd4 Rb8 25. Rh2 Be5 26. Rg2 Kf8 27. Bg1 h5 28. Ka2
b4 29. cxb4 axb4 30. Rc1 d5 31. exd5 exd5 32. b3 Nxa3 33. Rxc7 Bxc7 34. Nc6 Ra8
35. Bc5+ Kg7 36. Nxb4 Nc2+ 37. Na6 Ne1 38. Rd2 Bxg3 39. Rxd5 Nxf3 40. b4 Nf4 41.
Rd7 g4 42. hxg4 h4 43. b5 h3 44. Bxh3 Nxh3 45. Rd3 Nhg5 46. Ra3 Be5 47. b6 Rh8
48. Re3 Bf4 49. Rd3 Ne5 50. Bd4 f6 51. Rc3 Ne6 52. Bg1 Ra8 53. Ra3 Nd8 54. Ra4
Nb7 55. Rxf4 Rxa6+ 56. Kb3 Ra1 57. Bd4 Rb1+ 58. Kc2 Rb5 59. g5 Rd5 60. gxf6+ Kf7
61. Rh4 Nd6 62. b7 Nxb7 63. Bxe5 Rxe5 64. Rh7+ Kxf6 65. Rxb7 1/2-1/2

[Event "Sportaccord WMG Rapid"]
[Site "Beijing CHN"]
[Date "2011.12.11"]
[Round "6"]
[White "Karjakin,Sergey"]
[Black "Wang Hao"]
[Result "0-1"]
[WhiteTitle "GM"]
[BlackTitle "GM"]
[WhiteElo "2763"]
[BlackElo "2736"]
[WhiteFideId "14109603"]
[BlackFideId "8602883"]
[EventDate "2011.12.09"]

1. e4 c6 2. d4 d5 3. e5 Bf5 4. Nf3 e6 5. Be2 c5 6. Be3 Nd7 7. O-O a6 8. Nbd2 c4
9. Ne1 h6 10. c3 Ne7 11. g4 Bh7 12. Ng2 b5 13. f4 Nb6 14. Qc1 Qd7 15. Bd1 Nc6
16. Bc2 Bxc2 17. Qxc2 h5 18. h3 hxg4 19. hxg4 g6 20. f5 gxf5 21. gxf5 O-O-O 22.
f6 Bh6 23. Kf2 Bxe3+ 24. Nxe3 Nxe5 25. dxe5 d4 26. Ng2 dxc3 27. Nf3 Nd5 28. bxc3
Qa7+ 29. Ke1 Ne3 30. Nxe3 Qxe3+ 31. Qe2 Qxc3+ 32. Kf2 Rd2 33. Qxd2 Rh2+ 34. Nxh2
Qxd2+ 35. Kg3 c3 36. Nf3 Qd5 37. Rh1 b4 38. Rad1 Qc4 39. Rh4 Qc5 40. Rh8+ Kb7
41. Rd7+ Kb6 42. Rh1 Qf8 43. Kf2 a5 44. Ke2 Kb5 45. Rh7 Qc8 46. Rhxf7 c2 47. Rc7
c1=Q 48. Rxc8 Qxc8 49. Re7 Ka4 50. Nd4 Qc5 51. Nf3 Ka3 52. Rd7 Kxa2 53. f7 b3
54. Rd8 b2 55. f8=Q Qxf8 56. Rxf8 b1=Q 57. Rf6 Qe4+ 58. Kf2 Qd5 59. Rf4 Kb2 60.
Rd4 Qc5 61. Kg3 Kc3 62. Rd6 Qc4 63. Ng5 a4 64. Nxe6 a3 65. Nf4 a2 66. Rd1 Kb2
67. Kg4 Qc2 68. Nd3+ Ka3 69. Re1 Qxd3 70. e6 Qd2 0-1

[Event "Sportaccord WMG Rapid"]
[Site "Beijing CHN"]
[Date "2011.12.11"]
[Round "6"]
[White "Gashimov,V"]
[Black "Grischuk,A"]
[Result "1/2-1/2"]
[WhiteTitle "GM"]
[BlackTitle "GM"]
[WhiteElo "2757"]
[BlackElo "2752"]
[WhiteFideId "13400630"]
[BlackFideId "4126025"]
[EventDate "2011.12.09"]

1. e4 c6 2. d4 d5 3. e5 Bf5 4. Nf3 e6 5. Be2 Ne7 6. O-O c5 7. Na3 Nec6 8. c4
cxd4 9. Nb5 a6 10. Bg5 Qd7 11. Nbxd4 Be4 12. Rc1 h6 13. Be3 Be7 14. cxd5 Bxd5
15. Qd2 Bb4 16. Qd3 O-O 17. a3 Be7 18. Bd1 Rd8 19. Bc2 g6 20. Qe2 Kg7 21. Rfd1
Nxd4 22. Bxd4 Qb5 23. Bd3 Qe8 24. Bc3 Nc6 25. Qe3 Rd7 26. Nd2 Rad8 27. Ne4 Bxe4
28. Qxe4 Bc5 29. h4 h5 30. Qf3 Bd4 31. Bxd4 Rxd4 32. Qf6+ Kg8 33. Be2 R8d5 34.
f4 Qd8 35. Qxd8+ Rxd8 36. Bf3 Kf8 37. g3 Rxd1+ 38. Rxd1 Rxd1+ 39. Bxd1 Nd4 40.
Kf2 Ke7 41. Ke3 Nf5+ 42. Kf2 Nd4 43. Ke3 Nf5+ 44. Ke4 1/2-1/2

[Event "Sportaccord WMG Rapid"]
[Site "Beijing CHN"]
[Date "2011.12.11"]
[Round "6"]
[White "Vachier Lagrave,M"]
[Black "Nielsen,PH"]
[Result "1-0"]
[WhiteTitle "GM"]
[BlackTitle "GM"]
[WhiteElo "2710"]
[BlackElo "2693"]
[WhiteFideId "623539"]
[BlackFideId "1400355"]
[EventDate "2011.12.09"]

1. e4 e5 2. Nf3 Nc6 3. Bb5 Nf6 4. O-O Nxe4 5. d4 Nd6 6. Bxc6 dxc6 7. dxe5 Nf5 8.
Qxd8+ Kxd8 9. Nc3 Ke8 10. h3 h5 11. Bg5 Be6 12. a3 Bd5 13. Nh4 Be6 14. Rad1 Be7
15. Nf3 Rd8 16. Rxd8+ Kxd8 17. Rd1+ Kc8 18. Bxe7 Nxe7 19. Ng5 Ng6 20. Nxe6 fxe6
21. b3 Rf8 22. Rd3 h4 23. Rd4 Rd8 24. Rg4 Nxe5 25. Rxh4 Rd2 26. Rh8+ Kd7 27. Rh7
Rxc2 28. Rxg7+ Ke8 29. Ne4 Nf7 30. h4 c5 31. Ng5 Nxg5 32. Rxg5 c4 33. bxc4 Rxc4
34. h5 c5 35. g3 1-0

[Event "Sportaccord WMG Rapid"]
[Site "Beijing CHN"]
[Date "2011.12.11"]
[Round "7"]
[White "Vachier Lagrave,M"]
[Black "Gashimov,V"]
[Result "0-1"]
[WhiteTitle "GM"]
[BlackTitle "GM"]
[WhiteElo "2710"]
[BlackElo "2757"]
[WhiteFideId "623539"]
[BlackFideId "13400630"]
[EventDate "2011.12.09"]

1. e4 g6 2. d4 Bg7 3. Nf3 d6 4. Bc4 Nf6 5. Qe2 O-O 6. O-O Bg4 7. h3 Bxf3 8. Qxf3
Nc6 9. c3 e5 10. Rd1 Re8 11. d5 Ne7 12. Nd2 Rf8 13. Nf1 Nh5 14. Ng3 Nxg3 15.
fxg3 f5 16. g4 f4 17. g5 Kh8 18. Kh1 c6 19. dxc6 bxc6 20. b3 Qc7 21. Ba3 Rfd8
22. Qg4 Nc8 23. Qe6 c5 24. Be2 Nb6 25. Rd2 d5 26. exd5 Rd6 27. Qg4 Rxd5 28. Rad1
Rxd2 29. Rxd2 e4 30. Qe6 f3 31. gxf3 Qg3 32. Rc2 Qe1+ 33. Kg2 exf3+ 34. Kxf3
Rf8+ 35. Ke3 Qg1+ 36. Kd2 Rd8+ 37. Bd3 c4 38. bxc4 Qxg5+ 39. Ke2 Qg2+ 40. Kd1
Qf1+ 0-1

[Event "Sportaccord WMG Rapid"]
[Site "Beijing CHN"]
[Date "2011.12.11"]
[Round "7"]
[White "Nielsen,PH"]
[Black "Karjakin,Sergey"]
[Result "1/2-1/2"]
[WhiteTitle "GM"]
[BlackTitle "GM"]
[WhiteElo "2693"]
[BlackElo "2763"]
[WhiteFideId "1400355"]
[BlackFideId "14109603"]
[EventDate "2011.12.09"]

1. d4 Nf6 2. c4 c5 3. d5 e6 4. Nc3 exd5 5. cxd5 Bd6 6. e4 O-O 7. f4 Nxe4 8. Nxe4
Re8 9. Qe2 Bf8 10. g4 d6 11. Nh3 Bxg4 12. Qxg4 Rxe4+ 13. Be2 Nd7 14. Nf2 Nf6 15.
Qf3 Re7 16. O-O Nxd5 17. Bd2 Qb6 18. Rae1 Nf6 19. Qb3 Qc7 20. Bc3 Rae8 21. Bf3
Rxe1 22. Rxe1 Rxe1+ 23. Bxe1 d5 24. Bxd5 Nxd5 25. Qxd5 Qxf4 26. Bd2 Qd6 27. Qxd6
Bxd6 28. Ne4 Be5 29. Bc3 Bf4 30. Kg2 b6 31. h4 f6 32. Kf3 Bc7 33. h5 Kf7 34. h6
gxh6 35. Nxf6 Bd8 36. Ng4 Bg5 37. Ne5+ Ke6 38. Ke4 h5 39. Nf3 Bf6 40. Bxf6 Kxf6
41. b3 h6 42. a4 Ke6 43. Nh4 Kd6 44. Nf5+ Kc6 45. Nxh6 h4 46. Ng4 h3 47. Kd3 Kd5
48. Nh2 a6 49. Nf3 b5 50. axb5 axb5 51. Nh2 Ke5 52. Ke3 Kf5 53. Kf3 Ke5 54. Ke3
Kf5 1/2-1/2

[Event "Sportaccord WMG Rapid w"]
[Site "Beijing CHN"]
[Date "2011.12.09"]
[Round "1"]
[White "Danielian,E"]
[Black "Muzychuk,A"]
[Result "1/2-1/2"]
[WhiteTitle "GM"]
[BlackTitle "IM"]
[WhiteElo "2497"]
[BlackElo "2562"]
[WhiteFideId "13300210"]
[BlackFideId "14111330"]
[EventDate "2011.12.09"]

1. d4 Nf6 2. Nf3 c5 3. d5 e6 4. Nc3 exd5 5. Nxd5 Nxd5 6. Qxd5 Be7 7. e4 O-O 8.
c3 d6 9. Be2 Nd7 10. O-O Nf6 11. Qd3 d5 12. e5 Ne8 13. Be3 Be6 14. Rad1 Nc7 15.
Qc2 h6 16. Ne1 Qd7 17. Bd3 b6 18. f4 f5 19. exf6 Bxf6 20. Nf3 Rae8 21. Bf2 Bg4
22. Bg3 Re3 23. Rde1 Rxe1 24. Nxe1 Ne8 25. h3 Be6 26. Nf3 Nd6 27. Re1 Bf5 28.
Ne5 Bxe5 29. Rxe5 Ne4 30. Bh2 c4 31. Bf1 Ng3 32. Qd1 Nxf1 33. Qxf1 Re8 34. Qe2
Rxe5 35. Qxe5 Qe6 36. Qxe6+ Bxe6 37. Kf2 h5 38. Kf3 Bf5 39. g4 Bb1 40. a3 Kf7
41. f5 Be4+ 42. Kf4 Bg2 43. gxh5 Bxh3 44. Bg1 Bg2 45. Bd4 Be4 46. Kg5 Bd3 47. f6
b5 48. Kf4 a5 49. Bb6 Ke6 50. Bd4 a4 51. Kg5 Bc2 52. h6 Kf7 53. Kf4 Bd3 54. Kg5
Ke6 55. Kf4 Kf7 56. Kg5 Ke6 57. Kf4 Kf7 1/2-1/2

[Event "Sportaccord WMG Rapid w"]
[Site "Beijing CHN"]
[Date "2011.12.09"]
[Round "1"]
[White "Socko,M"]
[Black "Ju Wenjun"]
[Result "0-1"]
[WhiteTitle "GM"]
[BlackTitle "WGM"]
[WhiteElo "2479"]
[BlackElo "2543"]
[WhiteFideId "1106619"]
[BlackFideId "8603006"]
[EventDate "2011.12.09"]

1. d4 Nf6 2. c4 g6 3. Nc3 Bg7 4. e4 d6 5. f3 O-O 6. Be3 e5 7. Nge2 c6 8. Qd2
Nbd7 9. O-O-O a6 10. Kb1 b5 11. c5 Qa5 12. Nd5 Qxd2 13. Ne7+ Kh8 14. Rxd2 dxc5
15. dxe5 Nxe5 16. Nc3 Bb7 17. f4 Neg4 18. Bxc5 Rfd8 19. Rxd8+ Rxd8 20. Be2 b4
21. Na4 h5 22. h3 Nh6 23. Bf3 a5 24. e5 Nd5 25. Rd1 Bf8 26. Nxd5 cxd5 27. Bb6
Rd7 28. g4 hxg4 29. hxg4 d4 30. Bxb7 Rxb7 31. Rh1 Kg8 32. Bxd4 Nxg4 33. e6 Bg7
34. Nc5 Re7 35. exf7+ Rxf7 36. Bxg7 Kxg7 37. Rd1 Ne3 38. Rd6 Kh6 39. Nd3 Ng2 40.
Rd4 Kh5 41. b3 Rf6 42. Rd5+ Kh4 43. Rg5 Nxf4 44. Rxa5 Nxd3 45. Rd5 Nf4 46. Rd4
g5 47. Rxb4 g4 48. Rb8 g3 49. Rh8+ Kg4 50. Rg8+ Rg6 0-1

[Event "Sportaccord WMG Rapid w"]
[Site "Beijing CHN"]
[Date "2011.12.09"]
[Round "1"]
[White "Skripchenko,A"]
[Black "Dzagnidze,N"]
[Result "0-1"]
[WhiteTitle "IM"]
[BlackTitle "GM"]
[WhiteElo "2468"]
[BlackElo "2516"]
[WhiteFideId "13900145"]
[BlackFideId "13601903"]
[EventDate "2011.12.09"]

1. e4 c5 2. c3 d5 3. exd5 Qxd5 4. d4 Nf6 5. Nf3 Bg4 6. Be2 e6 7. h3 Bh5 8. O-O
Nc6 9. c4 Qd8 10. dxc5 Bxc5 11. Nc3 O-O 12. Bg5 Rc8 13. a3 Be7 14. Be3 b6 15.
Nb5 Bc5 16. Bf4 Qxd1 17. Raxd1 e5 18. Bc1 e4 19. Nfd4 Nxd4 20. Nxd4 Bxd4 21.
Bxh5 Bxf2+ 22. Kxf2 Nxh5 23. g4 Nf6 24. Rd4 h6 25. Ke2 Rc6 26. Rf5 Re8 27. Be3
g6 28. Rf1 Kg7 29. b3 g5 30. a4 Kg6 31. Rf5 Rce6 32. Rf1 h5 33. gxh5+ Nxh5 34.
Rg1 f6 35. Rd5 Re5 36. Rd6 R8e6 37. Rd7 Re7 38. Rd6 Kf5 39. Rf1+ Nf4+ 40. Kd2
Rh7 41. Bd4 Re6 42. Rxe6 Kxe6 43. a5 Rxh3 44. Be3 Ng2 45. axb6 Nxe3 46. Re1 axb6
47. Rxe3 Ke5 48. b4 f5 0-1

[Event "Sportaccord WMG Rapid w"]
[Site "Beijing CHN"]
[Date "2011.12.09"]
[Round "1"]
[White "Harika,D"]
[Black "Paehtz,E"]
[Result "0-1"]
[WhiteTitle "GM"]
[BlackTitle "IM"]
[WhiteElo "2512"]
[BlackElo "2457"]
[WhiteFideId "5015197"]
[BlackFideId "4641833"]
[EventDate "2011.12.09"]

1. g3 Nf6 2. Bg2 g6 3. c4 Bg7 4. Nc3 O-O 5. d4 d6 6. Nf3 Nc6 7. O-O Rb8 8. Bf4
a6 9. Rc1 Nh5 10. Bg5 h6 11. Be3 e6 12. h3 Ne7 13. g4 Nf6 14. Qd2 Kh7 15. d5 e5
16. c5 Ne8 17. Ne1 f5 18. f3 Nf6 19. Nc2 Re8 20. Rfd1 e4 21. cxd6 cxd6 22. g5
hxg5 23. Bxg5 exf3 24. exf3 Bd7 25. Kh2 b5 26. b4 Rc8 27. Nd4 Rc4 28. Ne6 Bxe6
29. dxe6 d5 30. Bxf6 Bxf6 31. Nxd5 Nxd5 32. Rxc4 bxc4 33. Qxd5 Qb8+ 34. f4 Qxf4+
35. Kg1 c3 36. Re1 Re7 37. a3 c2 38. Qc6 Qd2 39. Rf1 Bg5 40. h4 Be3+ 41. Kh2
c1=Q 0-1

[Event "Sportaccord WMG Rapid w"]
[Site "Beijing CHN"]
[Date "2011.12.09"]
[Round "2"]
[White "Muzychuk,A"]
[Black "Stefanova,A"]
[Result "1/2-1/2"]
[WhiteTitle "IM"]
[BlackTitle "GM"]
[WhiteElo "2562"]
[BlackElo "2531"]
[WhiteFideId "14111330"]
[BlackFideId "2902257"]
[EventDate "2011.12.09"]

1. e4 c6 2. d4 d5 3. Nc3 dxe4 4. Nxe4 Bf5 5. Ng3 Bg6 6. N1e2 e6 7. Nf4 Bd6 8. c3
Qh4 9. Ngh5 Kf8 10. Qf3 Nf6 11. Nxf6 Qxf6 12. h4 Bc2 13. g3 h6 14. Bg2 Nd7 15.
Qe2 Bh7 16. O-O Bf5 17. h5 Re8 18. Be3 Qd8 19. Rad1 Nf6 20. c4 Bg4 21. Bf3 Bxf3
22. Qxf3 Qa5 23. c5 Bb8 24. a3 Qa4 25. Bc1 Qc2 26. Rd3 Kg8 27. Rfd1 Qc4 28. b3
Qa6 29. Kg2 Qa5 30. a4 Qd8 31. b4 Qd7 32. b5 Kh7 33. Rb3 Rhf8 34. Be3 Rc8 35.
bxc6 bxc6 36. a5 Rfd8 37. Rdb1 Bxf4 38. Bxf4 Qxd4 39. Rb7 Rd7 40. Bd6 Rcd8 41.
Qxc6 Rxb7 42. Qxb7 Ne4 43. Qxf7 Nxd6 44. Qg6+ Kh8 45. cxd6 Qxd6 46. Kg1 Qd5 47.
a6 Rc8 48. Re1 Rc6 49. Qe8+ Kh7 50. Qg6+ Kh8 51. Qe8+ Kh7 52. Qg6+ Kh8 1/2-1/2

[Event "Sportaccord WMG Rapid w"]
[Site "Beijing CHN"]
[Date "2011.12.09"]
[Round "2"]
[White "Dembo,Y"]
[Black "Danielian,E"]
[Result "1/2-1/2"]
[WhiteTitle "IM"]
[BlackTitle "GM"]
[WhiteElo "2468"]
[BlackElo "2497"]
[WhiteFideId "723916"]
[BlackFideId "13300210"]
[EventDate "2011.12.09"]

1. e4 c6 2. d4 d5 3. e5 Bf5 4. Nd2 e6 5. Nb3 Nd7 6. Nf3 Ne7 7. Be2 Nc8 8. O-O
Be7 9. a4 O-O 10. Be3 Qc7 11. Qd2 Ncb6 12. Qc3 a6 13. Nbd2 a5 14. Qb3 Bg6 15.
Rac1 Rfc8 16. Bd3 c5 17. Bxg6 hxg6 18. c3 cxd4 19. Bxd4 Nc5 20. Bxc5 Qxc5 21.
Qc2 Nd7 22. Rfe1 b5 23. Nb3 Qb6 24. axb5 Qxb5 25. Nbd4 Qb6 26. Ra1 Nc5 27. Ra2
Ne4 28. Qe2 a4 29. Nd2 Nxd2 30. Qxd2 Bc5 31. Nc2 Qb3 32. Rea1 Ra7 33. h3 Rca8
34. Nd4 Bxd4 35. Qxd4 a3 36. Rxa3 Rxa3 37. Rxa3 Rxa3 38. bxa3 Qxa3 39. g3 Qc1+
40. Kg2 Qe1 41. Qb6 Qe2 42. Qd8+ Kh7 43. Qh4+ Kg8 44. Qd8+ Kh7 45. Qh4+ Kg8 46.
Qd8+ Kh7 1/2-1/2

[Event "Sportaccord WMG Rapid w"]
[Site "Beijing CHN"]
[Date "2011.12.09"]
[Round "2"]
[White "Socko,M"]
[Black "Harika,D"]
[Result "1-0"]
[WhiteTitle "GM"]
[BlackTitle "GM"]
[WhiteElo "2479"]
[BlackElo "2512"]
[WhiteFideId "1106619"]
[BlackFideId "5015197"]
[EventDate "2011.12.09"]

1. d4 d5 2. c4 c6 3. cxd5 cxd5 4. Nc3 Nf6 5. Bf4 Qb6 6. e3 Qxb2 7. Rc1 Bd7 8.
Bd3 e6 9. Nge2 Qa3 10. O-O a6 11. Rb1 b5 12. Bc2 Nc6 13. e4 Nb4 14. e5 Ng8 15.
Bb3 Ne7 16. Bc1 Qa5 17. Bd2 Qd8 18. Nxb5 Bxb5 19. Bxb4 Nc6 20. Bxf8 Kxf8 21. Re1
Bxe2 22. Rxe2 g6 23. Rc2 Ne7 24. Ba4 Kg7 25. Rb7 Rb8 26. Rd7 Qa5 27. Rxe7 Qxa4
28. h3 Rhf8 29. Qd3 Qb5 30. Qe3 Qb1+ 31. Rc1 Qxa2 32. Rcc7 Rb3 33. Qf4 Qb1+ 34.
Kh2 Qf5 35. Qxf5 exf5 36. Red7 Rb5 37. e6 a5 38. Ra7 Rb6 39. e7 Re8 40. Rd8 Rb8
41. Rxd5 f6 42. Rd8 Kf7 43. d5 a4 44. d6 Ke6 45. Rxe8 Rxe8 46. d7 1-0

[Event "Sportaccord WMG Rapid w"]
[Site "Beijing CHN"]
[Date "2011.12.09"]
[Round "2"]
[White "Zatonskih,A"]
[Black "Skripchenko,A"]
[Result "0-1"]
[WhiteTitle "IM"]
[BlackTitle "IM"]
[WhiteElo "2506"]
[BlackElo "2468"]
[WhiteFideId "14101572"]
[BlackFideId "13900145"]
[EventDate "2011.12.09"]

1. d4 d6 2. e4 g6 3. Nf3 Bg7 4. Bc4 e6 5. Bb3 Ne7 6. Be3 h6 7. Qd2 Nd7 8. c4 Nf6
9. Nc3 Ng4 10. Bf4 g5 11. Bg3 Ng6 12. h3 Nf6 13. O-O-O Nh5 14. Bh2 Bd7 15. Kb1
Qe7 16. Rc1 Nhf4 17. Ne1 c5 18. dxc5 dxc5 19. f3 Bc6 20. Bg1 Rd8 21. Qc2 Ne5 22.
Be3 Nh5 23. Qf2 b6 24. h4 Nf4 25. Qc2 Nfd3 26. Nxd3 Rxd3 27. Qe2 Rd7 28. hxg5
hxg5 29. Rxh8+ Bxh8 30. Rh1 Ng6 31. Nd1 Be5 32. Nf2 Kd8 33. Qc2 Kc7 34. Ba4 Bxa4
35. Qxa4 Kb7 36. Bxg5 f6 37. Bc1 Nf4 38. Bxf4 Bxf4 39. Rd1 Rc7 40. Nd3 Be3 41.
Qc2 Bd4 42. Nc1 Qg7 43. Nb3 Be5 44. Qd2 Qg3 45. Nc1 Rg7 46. Ne2 Qf2 47. f4 Bc7
48. g3 Rh7 49. Qe1 Qf3 50. Nc3 Rh2 51. Nb5 Re2 52. Qc3 Qxe4+ 53. Ka1 Rc2 54.
Qxf6 Qxc4 55. Na3 Qe2 56. Rb1 Rd2 57. Qg7 a6 58. Qf7 b5 59. f5 exf5 60. Qxf5 Be5
61. Qf7+ Kb6 62. Qe6+ Rd6 63. Qb3 Bf6 64. g4 c4 65. Qb4 Qd3 66. Rc1 Rc6 67. Nb1
a5 68. Qe1 b4 69. Qf1 Qd4 70. Rc2 Qxg4 71. Nd2 c3 72. bxc3 Bxc3+ 73. Kb1 Qg6 74.
Nc4+ Kc7 75. Nxa5 Re6 76. Qc4+ Kd7 77. Nb3 Re1+ 78. Nc1 Rxc1+ 79. Kxc1 Qg1+ 0-1

[Event "Sportaccord WMG Rapid w"]
[Site "Beijing CHN"]
[Date "2011.12.10"]
[Round "3"]
[White "Paehtz,E"]
[Black "Cramling,P"]
[Result "1-0"]
[WhiteTitle "IM"]
[BlackTitle "GM"]
[WhiteElo "2457"]
[BlackElo "2495"]
[WhiteFideId "4641833"]
[BlackFideId "1700030"]
[EventDate "2011.12.09"]

1. e4 c5 2. Nc3 e6 3. f4 a6 4. Nf3 b5 5. d3 Bb7 6. g3 d6 7. Bg2 Nf6 8. O-O Be7
9. h3 Nc6 10. Kh1 Qc7 11. a4 Qb6 12. Ne2 c4 13. axb5 axb5 14. Rxa8+ Bxa8 15. g4
cxd3 16. cxd3 h5 17. g5 Nd7 18. Nh4 Bb7 19. f5 exf5 20. Nxf5 Bf8 21. Be3 Qc7 22.
Nc3 Nde5 23. Nxb5 Qd7 24. d4 Nc4 25. Bf4 g6 26. b3 gxf5 27. bxc4 fxe4 28. d5 Ne5
29. Bxe5 dxe5 30. Qe2 Bg7 31. Qxe4 O-O 32. Qh4 Rc8 33. Na7 Rc5 34. Nc6 e4 35.
Qxe4 Bxc6 36. dxc6 Qe6 37. g6 Qxe4 38. Bxe4 Rxc4 39. Bd5 Rc5 40. Bxf7+ Kh8 41.
Rd1 Be5 42. Rd5 Rxd5 43. Bxd5 Kg7 44. Bf7 Kf6 45. h4 Ke7 46. Bd5 Kf6 47. Be4 Kg7
48. Kg2 Kf6 49. Kf3 Ke6 50. Ke3 Bg7 51. Kd3 Kd6 52. Kc4 Bf8 53. Kb5 Kc7 54. Bf3
Bg7 55. Bxh5 Bf8 56. Bf3 1-0

[Event "Sportaccord WMG Rapid w"]
[Site "Beijing CHN"]
[Date "2011.12.10"]
[Round "3"]
[White "Stefanova,A"]
[Black "Socko,M"]
[Result "0-1"]
[WhiteTitle "GM"]
[BlackTitle "GM"]
[WhiteElo "2531"]
[BlackElo "2479"]
[WhiteFideId "2902257"]
[BlackFideId "1106619"]
[EventDate "2011.12.09"]

1. d4 Nf6 2. Nf3 g6 3. g3 Bg7 4. Bg2 O-O 5. O-O d6 6. a4 c6 7. a5 Qc7 8. Nc3 e5
9. e4 Be6 10. h3 h6 11. Be3 Na6 12. Qe2 Kh7 13. Rfd1 Rfe8 14. d5 cxd5 15. exd5
Bd7 16. Nb5 Bxb5 17. Qxb5 Nd7 18. Ra3 Nac5 19. b4 Ne4 20. c4 a6 21. Qa4 f5 22.
Ne1 Ndf6 23. Rc1 Qf7 24. Rd3 f4 25. Bb6 Rac8 26. Qc2 Qd7 27. c5 Ng5 28. c6 bxc6
29. dxc6 Qe6 30. h4 Nh3+ 31. Kh1 e4 32. Ra3 e3 33. fxe3 fxg3 34. Nd3 Qg4 35. c7
Qxh4 36. Bxh3 Qxh3+ 37. Kg1 Ne4 38. Qg2 Qg4 39. Nf4 Ng5 40. Rf1 Rf8 41. Rd3 Be5
42. Bd4 Bxf4 43. exf4 Nh3+ 44. Kh1 Nxf4 45. Rxf4 Qxf4 46. Qxg3 Qxg3 47. Rxg3
Rxc7 48. Kh2 Rc4 49. Bb6 Rxb4 50. Re3 Rf7 51. Re8 Rd7 52. Ra8 d5 53. Rxa6 d4 54.
Ra8 d3 55. a6 d2 56. a7 d1=Q 0-1